|
|
|
|
| LEADER |
00941naa a2200217 i 4500 |
| 001 |
acta59623 |
| 005 |
20230619134911.0 |
| 008 |
191007s2000 hu o 1|| eng d |
| 040 |
|
|
|a SZTE Egyetemi Kiadványok Repozitórium
|b hun
|
| 041 |
|
|
|a eng
|
| 100 |
1 |
|
|a Putnik Zoran
|
| 245 |
1 |
0 |
|a Extension of Java with Turtle graphics
|h [elektronikus dokumentum] :
|b [abstract] /
|c Putnik Zoran
|
| 260 |
|
|
|a University of Szeged
|b Szeged
|c 2000
|
| 300 |
|
|
|a 87
|
| 490 |
0 |
|
|a Conference of PhD Students in Computer Science
|v 2
|
| 650 |
|
4 |
|a Természettudományok
|
| 650 |
|
4 |
|a Számítás- és információtudomány
|
| 695 |
|
|
|a Java - programnyelv - előadáskivonat, Számítástechnika - előadáskivonat, Programozás - előadáskivonat
|
| 700 |
0 |
1 |
|a Grabovac Marijana
|e aut
|
| 711 |
|
|
|a Conference of PhD students in computer science (2.)
|c Szeged
|d 2000. július 20-23.
|
| 856 |
4 |
0 |
|u http://acta.bibl.u-szeged.hu/59623/1/cscs_2000_087.pdf
|z Dokumentum-elérés
|